The shelters of stone / Jean Auel.
After their epic journey across Europe, Ayla and Jondalar have reached his home, the Ninth Cave of the Zelandonii, the old stone age settlement in the region known today as southwest France. Jondalar's family greet him warmly, but they are initially wary of the beautiful young woman he has brought back, with her strange accent and her tame wolf and horses.
Record details
- ISBN: 0609610597
- ISBN: 9780609610596
- ISBN: 055328942X
- ISBN: 9780553289428
- Physical Description: xii, 753 pages : maps ; 25 cm.
- Edition: 1st edition
- Publisher: New York : Crown Books, 2002.
Content descriptions
| General Note: | Book 5 of the Earth's children series. |
Search for related items by subject
| Subject: | Ayla (Fictitious character). Prehistoric peoples > Fiction. Glacial epoch > Fiction. Europe > Fiction. |
| Genre: | Historical fiction. |
Search for related items by series
| LDR | 01364cam a2200385 a 4500 | ||
|---|---|---|---|
| 001 | 118103 | ||
| 003 | SBPL | ||
| 005 | 20220628163248.0 | ||
| 008 | 010618s2002 nyub 000 1 eng d | ||
| 010 | . | ‡a 2002000995 | |
| 020 | . | ‡a0609610597 ‡q(hardcover) | |
| 020 | . | ‡a9780609610596 ‡q(hardcover) | |
| 020 | . | ‡a055328942X ‡q(mass market) | |
| 020 | . | ‡a9780553289428 ‡q(mass market) | |
| 035 | . | ‡a(CONS)118103 | |
| 035 | . | ‡a(CPomAG)LMN317353 | |
| 043 | . | ‡ae------ | |
| 050 | 0 | 0. | ‡aPS3551.U36 ‡bS54 2002 |
| 100 | 1 | . | ‡aAuel, Jean M. |
| 245 | 1 | 4. | ‡aThe shelters of stone / ‡cJean Auel. |
| 250 | . | ‡a1st edition | |
| 260 | . | ‡aNew York : ‡bCrown Books, ‡c2002. | |
| 300 | . | ‡axii, 753 pages : maps ; ‡c25 cm. | |
| 336 | . | ‡atext ‡btxt ‡2rdacontent | |
| 337 | . | ‡aunmediated ‡bn ‡2rdamedia | |
| 338 | . | ‡avolume ‡bnc ‡2rdacarrier | |
| 490 | 1 | . | ‡aEarth's children ; ‡v5 |
| 500 | . | ‡aBook 5 of the Earth's children series. | |
| 520 | . | ‡aAfter their epic journey across Europe, Ayla and Jondalar have reached his home, the Ninth Cave of the Zelandonii, the old stone age settlement in the region known today as southwest France. Jondalar's family greet him warmly, but they are initially wary of the beautiful young woman he has brought back, with her strange accent and her tame wolf and horses. | |
| 650 | 0. | ‡aAyla (Fictitious character). | |
| 650 | 0. | ‡aPrehistoric peoples ‡vFiction. | |
| 650 | 0. | ‡aGlacial epoch ‡vFiction. | |
| 651 | 0. | ‡aEurope ‡vFiction. | |
| 655 | 7. | ‡aHistorical fiction. ‡2lcgft | |
| 800 | 1 | . | ‡aAuel, Jean M. ‡tEarth's children ; ‡v5 |
| 901 | . | ‡a118103 ‡bUnknown ‡c118103 ‡tbiblio | |